| 000 | 00514nam a2200181Ia 4500 | ||
|---|---|---|---|
| 003 | GCL | ||
| 008 | 140319s9999 xx 000 0 ara d | ||
| 040 |
_aGCL / _cGCL |
||
| 082 | 0 | 4 |
_aط _b813 _bه س |
| 100 | 1 | _aهالة شكور | |
| 245 | 1 | 0 |
_aسارى والنجوم / _cهالة شكور |
| 260 |
_aبيروت : _bدار الكتاب العالمى ، _c1998 |
||
| 300 |
_a ؛ _c19 سم |
||
| 650 | 0 | 4 | _aالاطفال |
| 650 | 0 | 4 | _aقصص الاطفال |
| 650 | 0 | 4 | _aادب الاطفال |
| 942 |
_2ddc _cBK |
||
| 999 |
_c9101 _d9101 |
||